00509nam a22001577a 450000500170000001000150001702000260003203500140005803700130007208200080008510000250009324500700011826000680018827000740025630000210033020170825103445.0 aENG-120027 a9789386440112c155.00 aEN-103559 bDBAD/PUB a921 aKarthikeyan, Shornur aThe torch bearers of Kerala renaissance /cby Shornur Karthikeyan aThrissur (Kerala)bG-motivation an imprint of green booksc2017 aGB Building, Civil Lane Road, Ayyanthole, bThrissur (Kerala)e680003 a152p.c22cm(pbk)